Elements of English law
| Main Author: | |
|---|---|
| Format: | Book |
| Published: |
London :
Oxford University Press ,
1953
|
| Edition: | 5th edition |
| Subjects: |
MARC
| LEADER | 00000cam a2200000 7i4500 | ||
|---|---|---|---|
| 001 | 0000008306 | ||
| 005 | 20160923.0 | ||
| 040 | |a INS | ||
| 090 | 0 | 0 | |a KD661 |b G45 1953 |
| 100 | 0 | |a Geldart, William | |
| 245 | 0 | 0 | |a Elements of English law |c William Geldart |
| 250 | |a 5th edition | ||
| 260 | |a London : |b Oxford University Press , |c 1953 | ||
| 300 | |a 222p. ; |c 17 cm. | ||
| 651 | 0 | |a Law |z Great Britain | |
| 999 | |a 0000023551 |b BOOK |c Open Shelf |e Default branch | ||